| 000 | 01387nam2a2200277 4500 | ||
|---|---|---|---|
| 001 | RU\NLR\bibl\550074 | ||
| 005 | 20250609160342.0 | ||
| 021 |
_aRU _b2004-43685 _92166 |
||
| 035 | _a(NLR Aleph) 000542258 | ||
| 090 |
_a1420333 _c1420332 |
||
| 100 | _a20040907d2004 |||y0rusy50 ca | ||
| 101 | 0 | _arus | |
| 102 | _aRU | ||
| 105 | _aa ||||||||| | ||
| 200 | 1 | _aТоплива для автомобильных двигателей | |
| 210 |
_d2004 _aБ. м. |
||
| 215 |
_a113,[1] с. _cил. |
||
| 320 | _aБиблиогр.: с. 112-113 (24 назв.) | ||
| 461 | 0 |
_1001RU\NLR\bibl\552646 _12001#$aАвтомобильные эксплуатационные материалы$vЧ. 1 _91435542 _aСмирнов, А. В. _cВеликий Новгород _d2004 _fА.В. Смирнов _nНовГУ _oУчеб. пособие _tАвтомобильные эксплуатационные материалы _vЧ. 1 |
|
| 606 | 0 |
_aАвтомобильные двигатели _jРуководства, пособия и т.п. для высшей школы _xТопливо _9890436 _3RU\NLR\auth\661646 |
|
| 606 | 0 |
_aАвтомобильное топливо _jУчебные издания для высших учебных заведений _92162334 _3RU\NLR\auth\661301243 |
|
| 801 | 0 |
_aRU _bNLR _c20040907 _gPSBO |
|
| 801 | 1 |
_aRU _bNLR _c20040907 |
|
| 942 | _cBOOK | ||
| 980 | _aNB | ||